000 01063nam a2200241 a 4500
001 73926
003 BD-RjUL
005 20211209082449.0
008 170219s1973 ii |||| |||| 000 0 ben d
020 _c: TK. 25.00
035 _a(BD-RjUL)64851
040 _aBD-RjUL
_bben
_cBD-RjUL
_dBD-RjUL
041 _aben
082 _223
_a891.4409162
_bMUB 1975
100 _aমুখোপাধ্যায়, জীবনকুমার
_9219086
245 1 _aবঙ্কিমচন্দ্রের ট্র্যাজেডি-চেতনা /
_cজীবনকুমার মুখোপাধ্যায়
260 _aকলিকাতা :
_bসাহিত্যশ্রী ;
_c১৯৭৫ [১৩৮২]
300 _a[১৪], ২৩১ পৃ. ;
_c১৯ সোম.
600 _xBengali Litrature
_9224473
650 _aবাংলা সাহিত্য
_vট্র্যাজেডি
_xইতিহাস ও সমালোচনা
_9219088
650 _aBengali Literature
_vTragedy
_xHistory and Criticism
_9219089
942 _2ddc
_cBK
999 _c73926
_d73926